Logo BPK

Biblioteka

Politechniki Koszalińskiej

Telekomunikacja współczesna : (Rekord nr 53821)

Szczegóły MARC
000 -ETYKIETA REKORDU
podpole kontrolne o stałej długości 00726nam a2200241 i 4500
001 - NUMER KONTROLNY REKORDU
pole kontrolne bg
040 ## - ŹRÓDŁO KATALOGOWANIA
Instytucja, która utworzyła rekord BPK
041 0# - KOD JĘZYKA
Kod języka tekstu pol
044 ## - KOD KRAJU WYDAWCY/PRODUCENTA
Kod kraju wydawcy/producenta POL
080 ## - UNIWERSALNA KLASYFIKACJA DZIESIĘTNA - UKD
UKD 621.39
080 ## - UNIWERSALNA KLASYFIKACJA DZIESIĘTNA - UKD
UKD 654
008 - POLE O STAŁEJ DŁUGOŚCI - DANE KONTROLNE
podpole kontrolne o stałej długości 130116s pl a f |000 0 pol
100 1# - NAZWA OSOBOWA
Nazwa osobowa Nowicki, Witold
Daty związane z nazwą (1903-1994).
245 00 - TYTUŁ/ODPOWIEDZIALNOŚĆ
Tytuł Telekomunikacja współczesna :
Ciąg dalszy tytułu próba syntezy /
Pozostałe elementy strefy tytułu i oznaczenia odpowiedzialności Witold Nowicki.
260 ## - STREFA ADRESU WYDAWNICZEGO
Miejsce wydania Warszawa :
Nazwa wydawcy/dystrybutora Państwowe Wydawnictwo Naukowe,
Data publikacji, dystrybucji/powstania dokumentu 1966.
300 ## - STREFA OPISU FIZYCZNEGO
Objętość 554, [1] s. :
Inne cechy fizyczne il. ;
Rozmiary 25 cm.
504 ## - UWAGA DOTYCZĄCA BIBLIOGRAFII
Informacje o bibliografii Bibliogr. przy rozdz. Indeks
546 ## - UWAGA O JĘZYKU
Uwaga o języku Spis treści i streszcz. także w jęz. ang. i ros.
650 #9 - HASŁO PRZEDMIOTOWE W FORMIE NAZWY OGÓLNEJ LUB JEDNOSTKOWEJ
Nazwa ogólna lub geograficzna Technika telekomunikacji.
650 #9 - HASŁO PRZEDMIOTOWE W FORMIE NAZWY OGÓLNEJ LUB JEDNOSTKOWEJ
Nazwa ogólna lub geograficzna Telekomunikacja
Określnik ogólny historia.
650 #9 - HASŁO PRZEDMIOTOWE W FORMIE NAZWY OGÓLNEJ LUB JEDNOSTKOWEJ
Nazwa ogólna lub geograficzna Telekomunikacja
Określnik ogólny systemy.
856 ## - LOKALIZACJA I DOSTĘP DO ELEKTRONICZNYCH DOKUMENTÓW ZDALNYCH
Link (URL) http://koha.tu.koszalin.pl/cgi-bin/koha/opac-detail.pl?biblionumber=53821
Tekst linku Katalog online BPK
942 ## - DODATKOWE ELEMENTY (KOHA)
Typ dokumentu Książka
Egzemplarze
Wycofany Status egzemplarza Uszkodzony Dostępność Lokalizacja stała Lokalizacja bieżąca Miejsce przechowywania Sygnatura Kod kreskowy Typ dokumentu
      Dostępny Biblioteka Politechniki Koszalińskiej Biblioteka Politechniki Koszalińskiej Wypożyczalnia BG S 1601 02527062 Książka
© 2023 Biblioteka Politechniki Koszalińskiej :: KOHA